Colombia urbanization review : (Registro nro. 3656)
[ vista simple ]
| 000 -LEADER | |
|---|---|
| fixed length control field | 01142nam a2200277Ia 4500 |
| 003 - CONTROL NUMBER IDENTIFIER | |
| control field | OSt |
| 005 - DATE AND TIME OF LATEST TRANSACTION | |
| control field | 20200514130904.0 |
| 008 - FIXED-LENGTH DATA ELEMENTS--GENERAL INFORMATION | |
| fixed length control field | 191128s2012 wauad gr 000 0dspa d |
| 020 ## - INTERNATIONAL STANDARD BOOK NUMBER | |
| International Standard Book Number | 9780821395226 |
| 040 ## - CATALOGING SOURCE | |
| Original cataloging agency | CO-JMCR |
| Transcribing agency | CO-JMCR |
| 041 0# - LANGUAGE CODE | |
| Language code of text/sound track or separate title | eng |
| 082 04 - DEWEY DECIMAL CLASSIFICATION NUMBER | |
| Classification number | 307.76 / |
| Item number | S187c |
| Edition number | 23 |
| 100 1# - MAIN ENTRY--PERSONAL NAME | |
| Personal name | Samad, Taimur, |
| Relator term | editor |
| 9 (RLIN) | 4352 |
| 245 10 - TITLE STATEMENT | |
| Title | Colombia urbanization review : |
| Remainder of title | amplifying the gains from the urban transition / |
| Statement of responsibility, etc. | editores, Taimur Samad, Nancy Lozano-Garcia, Alexandra Panman |
| 260 ## - PUBLICATION, DISTRIBUTION, ETC. | |
| Place of publication, distribution, etc. | Washington : |
| Name of publisher, distributor, etc. | World Bank, |
| Date of publication, distribution, etc. | 2012 |
| 300 ## - PHYSICAL DESCRIPTION | |
| Extent | 217 páginas : |
| Other physical details | graficos a blanco y negro ; |
| Dimensions | 23 cm. |
| 504 ## - BIBLIOGRAPHY, ETC. NOTE | |
| Bibliography, etc. note | Incluye bibliografía al final de cada capítulo |
| 505 ## - FORMATTED CONTENTS NOTE | |
| Formatted contents note | Amplifying the gains from urbanization -- Competitiveness and connectivity across the Colombian urban system -- Interjurisdictional coordination -- Infrastructure finance |
| 546 ## - LANGUAGE NOTE | |
| Language note | inglés |
| 650 14 - SUBJECT ADDED ENTRY--TOPICAL TERM | |
| Topical term or geographic name entry element | Urbanización |
| Geographic subdivision | Colombia |
| 9 (RLIN) | 4353 |
| 650 24 - SUBJECT ADDED ENTRY--TOPICAL TERM | |
| Topical term or geographic name entry element | Política urbana |
| Geographic subdivision | Colombia |
| 9 (RLIN) | 4354 |
| 650 24 - SUBJECT ADDED ENTRY--TOPICAL TERM | |
| Topical term or geographic name entry element | Urbanismo |
| Geographic subdivision | Colombia |
| 9 (RLIN) | 4355 |
| 700 1# - ADDED ENTRY--PERSONAL NAME | |
| Personal name | Lozano-Gracia, Nancy, |
| Relator term | editora |
| 9 (RLIN) | 4356 |
| 700 1# - ADDED ENTRY--PERSONAL NAME | |
| Personal name | Panman, Alexandra, |
| Relator term | editora |
| 9 (RLIN) | 4357 |
| 942 ## - ADDED ENTRY ELEMENTS (KOHA) | |
| Source of classification or shelving scheme | Dewey Decimal Classification |
| Koha item type | Books |
| Withdrawn status | Lost status | Source of classification or shelving scheme | Materials specified (bound volume or other part) | Damaged status | Not for loan | Home library | Current library | Shelving location | Date acquired | Source of acquisition | Cost, normal purchase price | Total Checkouts | Full call number | Barcode | Date last seen | Copy number | Price effective from | Koha item type |
|---|---|---|---|---|---|---|---|---|---|---|---|---|---|---|---|---|---|---|
| Dewey Decimal Classification | Donación--19/07/2018-- | Biblioteca Pública José María del Castillo y Rada | Biblioteca Pública José María del Castillo y Rada | General Stacks | 11/28/2019 | Donación | 0.00 | 307.76 / S187c | 201807538 | 05/16/2024 | Ej.1 | 11/28/2019 | Books |